000 00656cam a22002413a 4500
001 7803
003 PGUSA
005 20140828083149.0
008 050401s2005||||xxu|||||s|||||000 | eng d
040 _aPGUSA
_beng
042 _adc
050 4 _aPZ
050 4 _aTP
100 1 _aBassett, Sara Ware,
_d1872-1968
245 1 4 _aThe Story of Sugar
_h[electronic resource] /
_cSara Ware Bassett
260 _bProject Gutenberg,
_c2005
506 _aPublic domain in the USA.
516 _aElectronic text
653 _aSugar -- Juvenile literature
830 0 _aProject Gutenberg
_v7803
856 4 0 _uhttp://www.gutenberg.org/ebooks/7803
942 _cEB
999 _c237103
_d237103